Emojis by Minority Names - Statistics

General Stats
  • This quiz has been taken 8 times
  • The average score is 3 of 15
Answer Stats
Emoji Answer % Correct
☠️ Death
83%
🦅 Falcon
33%
🐝 Hornet
33%
👨‍🔬 Alchemist
17%
💎 Brilliant
17%
📒 Exercise Book
17%
🌾 Grain
17%
🗿 Stonehenge
17%
🐜 Termite
17%
📼 VHS
17%
🎥 Album
0%
🌱 Baby Tree
0%
🔤 English
0%
Ink
0%
🌐 Nation
0%
No matching quizzes found
Score Distribution
Percent of People with Each Score
Percentile by Number Answered
Your Score History
You have not taken this quiz